[Event "27th Klatovy A 2019"]
[Site "Klatovy CZE"]
[Date "2019.07.07"]
[Round "9.13"]
[White "Krivanek, Vladimir"]
[Black "Chmel, Kristian"]
[Result "1/2-1/2"]
[WhiteElo "2166"]
[BlackElo "2102"]
[PlyCount "117"]
[EventDate "2019.06.29"]
[EventType "swiss"]
[EventRounds "9"]
[EventCountry "CZE"]

1. d4 Nf6 2. Nf3 g6 3. g3 Bg7 4. Bg2 O-O 5. O-O d5 6. c4 c6 7. Nc3 dxc4 8. Ne5 Ne8 9. e4 c5 10. Be3 cxd4 11. Qxd4 Nd6 12. f4 Be6 13. Qd2 Nd7 14. Nxd7 Qxd7 15. Rad1 Rfd8 16. Qf2 Qe8 17. e5 Nb5 18. Bxb7 Nxc3 19. bxc3 Qa4 20. Bd4 Rab8 21. Rb1 Bf5 22. Rb4 Qd7 23. Qb2 e6 24. Bf3 Rxb4 25. Qxb4 Bd3 26. Rf2 Qc7 27. Qc5 Rd7 28. Rb2 Bf8 29. Qxc7 Rxc7 30. Rb8 Kg7 31. Ra8 Rd7 32. Be3 Bb1 33. Be2 Bxa2 34. Rxa7 Rxa7 35. Bxa7 Ba3 36. Kf2 Bb2 37. Bd4 Kf8 38. Bc5+ Ke8 39. Bb4 Kd7 40. Ke3 Kc6 41. Kd4 Kb5 42. g4 Bc1 43. f5 Bf4 44. h4 Bh2 45. fxe6 fxe6 46. Be7 Bg1+ 47. Ke4 Bb1+ 48. Kf3 Bh2 49. Bd6 Bd3 50. Bd1 Kc6 51. Ke3 Kb5 52. Bf3 Kb6 53. Bg2 Bg3 54. h5 g5 55. Kf3 Bf4 56. Kf2 Bd2 57. Bb4 Bf4 58. Bd6 Bd2 59. Bb4 1/2-1/2

[Event "27th Klatovy A 2019"]
[Site "Klatovy CZE"]
[Date "2019.07.07"]
[Round "9.14"]
[White "Dvorakova, Olga"]
[Black "Furman, Boris"]
[Result "1-0"]
[WhiteElo "1763"]
[BlackElo "2144"]
[PlyCount "117"]
[EventDate "2019.06.29"]
[EventType "swiss"]
[EventRounds "9"]
[EventCountry "CZE"]

1. d4 Nf6 2. c4 e6 3. Nc3 Bb4 4. Nf3 d5 5. Bg5 h6 6. Bf4 Ne4 7. Qa4+ Nc6 8. Qc2 g5 9. Bd2 Nxd2 10. Qxd2 g4 11. Ng1 dxc4 12. e3 e5 13. O-O-O exd4 14. exd4 Qg5 15. Bxc4 Qxd2+ 16. Rxd2 Bf5 17. Nge2 O-O 18. Bd3 Bd7 19. Rdd1 Be7 20. a3 Rad8 21. Kb1 Kg7 22. f3 h5 23. Rhf1 Bc8 24. fxg4 hxg4 25. Bf5 Bxf5+ 26. Rxf5 Kg6 27. Rf4 f5 28. d5 Ne5 29. Ra4 a6 30. Nf4+ Kf7 31. Ne6 Rh8 32. Nxd8+ Bxd8 33. Rf4 Kg6 34. Rdf1 Rh5 35. h3 Be7 36. Ne2 gxh3 37. gxh3 Rg5 38. Nd4 Rg2 39. Nxf5 Bg5 40. Nh4+ Bxh4 41. Rxh4 Rh2 42. Rc1 c6 43. dxc6 Nxc6 44. Rg4+ Kf6 45. Rf4+ Ke6 46. Rh4 Kd6 47. Rh7 Na5 48. Rc2 Rh1+ 49. Ka2 b5 50. Rh6+ Kd5 51. Rxa6 Nc4 52. Rh6 Kd4 53. Rh5 Ne3 54. Rd2+ Kc4 55. Re2 Nd1 56. Rc2+ Kd3 57. Kb3 Ne3 58. Rc3+ Kd4 59. Rh4+ 1-0

[Event "27th Klatovy A 2019"]
[Site "Klatovy CZE"]
[Date "2019.07.07"]
[Round "9.15"]
[White "Simet, Martin"]
[Black "Kopriva, Martin"]
[Result "1/2-1/2"]
[WhiteElo "2244"]
[BlackElo "2031"]
[PlyCount "44"]
[EventDate "2019.06.29"]
[EventType "swiss"]
[EventRounds "9"]
[EventCountry "CZE"]

1. d4 f5 2. e4 fxe4 3. Nc3 Nf6 4. Bg5 g6 5. f3 exf3 6. Nxf3 Bg7 7. Bd3 d6 8. Qd2 O-O 9. O-O-O c6 10. Rde1 b5 11. h4 Bg4 12. Ne2 Nbd7 13. Nf4 e5 14. dxe5 Nxe5 15. Nxe5 dxe5 16. Rxe5 Qd4 17. Qe3 Qxe3+ 18. Rxe3 Rae8 19. Rhe1 Rxe3 20. Rxe3 Re8 21. Rxe8+ Nxe8 22. Be4 Bd7 1/2-1/2

[Event "27th Klatovy A 2019"]
[Site "Klatovy CZE"]
[Date "2019.07.07"]
[Round "9.16"]
[White "Stross, Frantisek"]
[Black "Cmiko, Jakub"]
[Result "1/2-1/2"]
[WhiteElo "2312"]
[BlackElo "2005"]
[PlyCount "45"]
[EventDate "2019.06.29"]
[EventType "swiss"]
[EventRounds "9"]
[EventCountry "CZE"]

1. e4 c5 2. Nc3 e6 3. Nf3 d6 4. d4 cxd4 5. Nxd4 a6 6. Be3 Nf6 7. Bd3 Qc7 8. O-O Be7 9. f4 b5 10. a3 Nbd7 11. Kh1 Bb7 12. Qf3 O-O 13. Bg1 g6 14. Qg3 e5 15. Nf5 Bd8 16. fxe5 Nh5 17. Qf3 Nxe5 18. Qe2 Nf6 19. Ne3 Qd7 20. Ned5 Bxd5 21. Nxd5 Nxd5 22. exd5 Qb7 23. Be3 1/2-1/2

[Event "27th Klatovy A 2019"]
[Site "Klatovy CZE"]
[Date "2019.07.07"]
[Round "9.17"]
[White "Hosnedl, Matyas"]
[Black "Palek, Miroslav"]
[Result "0-1"]
[WhiteElo "1903"]
[BlackElo "2188"]
[PlyCount "60"]
[EventDate "2019.06.29"]
[EventType "swiss"]
[EventRounds "9"]
[EventCountry "CZE"]

1. e4 c5 2. Nf3 Nc6 3. d4 cxd4 4. Nxd4 Qb6 5. Nb3 Nf6 6. Nc3 e6 7. Be3 Qc7 8. a3 Be7 9. f4 d6 10. Be2 a6 11. O-O b5 12. Qe1 Bb7 13. Qg3 O-O 14. f5 Kh8 15. Qh3 b4 16. axb4 Nxb4 17. Bd3 exf5 18. Qxf5 Nxd3 19. cxd3 Bc8 20. Qa5 Qb7 21. Nd4 Ng4 22. Bf4 Bf6 23. Nf5 Qa7+ 24. d4 Bxf5 25. Qxf5 Qxd4+ 26. Kh1 Nf2+ 27. Rxf2 Qxf2 28. Bxd6 Qxb2 29. Rb1 Qxc3 30. e5 Rfe8 0-1

[Event "27th Klatovy A 2019"]
[Site "Klatovy CZE"]
[Date "2019.07.07"]
[Round "9.18"]
[White "Kozak, Milos"]
[Black "Hak, David"]
[Result "0-1"]
[WhiteElo "2165"]
[BlackElo "1980"]
[PlyCount "72"]
[EventDate "2019.06.29"]
[EventType "swiss"]
[EventRounds "9"]
[EventCountry "CZE"]

1. d4 Nf6 2. c4 g6 3. g3 Bg7 4. Bg2 d6 5. Nc3 O-O 6. Nf3 Nbd7 7. e4 e5 8. O-O c6 9. h3 Re8 10. d5 cxd5 11. cxd5 Nc5 12. Re1 a5 13. Bf1 Bd7 14. Nd2 Rf8 15. Nc4 Ne8 16. a4 f5 17. exf5 gxf5 18. f4 e4 19. Be3 Rc8 20. Ra3 Qc7 21. Bd4 Nd3 22. Bxg7 Qc5+ 23. Re3 Nxg7 24. b3 Qa7 25. Qd2 Nb4 26. Kf2 Ne8 27. Ra1 Nf6 28. Nxd6 Rxc3 29. Qxc3 Nfxd5 30. Bc4 Nd3+ 31. Kg2 Be6 32. Re2 Nxc3 33. Bxe6+ Kh8 34. Rc2 Qd4 35. Nxf5 Rxf5 36. Bxf5 Nb4 0-1

[Event "27th Klatovy A 2019"]
[Site "Klatovy CZE"]
[Date "2019.07.07"]
[Round "9.19"]
[White "Pavlicek, Lukas"]
[Black "Brejnik, Gustav"]
[Result "1/2-1/2"]
[WhiteElo "1962"]
[BlackElo "2114"]
[PlyCount "121"]
[EventDate "2019.06.29"]
[EventType "swiss"]
[EventRounds "9"]
[EventCountry "CZE"]

1. c4 e5 2. Nc3 Bb4 3. g3 Bxc3 4. bxc3 d6 5. Bg2 Ne7 6. Rb1 Nd7 7. e4 O-O 8. Ne2 Nb6 9. d3 f5 10. exf5 Bxf5 11. Bxb7 Rb8 12. Bg2 Qd7 13. O-O Bh3 14. Bxh3 Qxh3 15. f4 Ng6 16. Rf2 Rfe8 17. Be3 Qg4 18. Qd2 c5 19. Rbf1 e4 20. f5 Ne5 21. dxe4 Nexc4 22. Qd3 Rxe4 23. h3 Rxe3 24. Qxe3 Nxe3 25. hxg4 Nxf1 26. Rxf1 Re8 27. Kf2 Nd5 28. Rc1 Ne3 29. Kf3 Nxg4 30. Kxg4 Rxe2 31. Rd1 Rxa2 32. Rxd6 a5 33. Rc6 Ra4+ 34. Kg5 h6+ 35. Kh5 Rc4 36. Ra6 Rxc3 37. g4 Kh7 38. g5 hxg5 39. Kxg5 Ra3 40. Rc6 a4 41. Rxc5 Ra1 42. f6 gxf6+ 43. Kxf6 a3 44. Rh5+ Kg8 45. Rg5+ Kf8 46. Ra5 Ke8 47. Ke6 Kd8 48. Kd6 Kc8 49. Kc6 Kb8 50. Rb5+ Ka8 51. Ra5+ Kb8 52. Rb5+ Kc8 53. Ra5 Kd8 54. Kd6 Ke8 55. Ke6 Re1+ 56. Kd6 Re3 57. Ra8+ Kf7 58. Kc5 Rb3 59. Kc4 Re3 60. Kb4 Re1 61. Rxa3 1/2-1/2

[Event "27th Klatovy A 2019"]
[Site "Klatovy CZE"]
[Date "2019.07.07"]
[Round "9.20"]
[White "Holy, Filip"]
[Black "Lochman, Vaclav"]
[Result "1-0"]
[WhiteElo "2088"]
[BlackElo "2007"]
[PlyCount "69"]
[EventDate "2019.06.29"]
[EventType "swiss"]
[EventRounds "9"]
[EventCountry "CZE"]

1. e4 c6 2. d4 d5 3. exd5 cxd5 4. Bd3 Nc6 5. c3 Nf6 6. Bf4 Bg4 7. Qb3 Qc8 8. h3 Bh5 9. Nd2 e6 10. Ngf3 Bg6 11. Qc2 Bxd3 12. Qxd3 Be7 13. O-O O-O 14. Rae1 Nh5 15. Bh2 g6 16. Ne5 Ng7 17. Ndf3 Nf5 18. Ng4 Qd8 19. Re2 Qb6 20. Rfe1 a5 21. Nfe5 Nxe5 22. Bxe5 f6 23. Bf4 Rfc8 24. Rxe6 Qxb2 25. Rxe7 Nxe7 26. Rxe7 Rxc3 27. Nxf6+ Kf8 28. Bd6 Qc1+ 29. Kh2 Qf4+ 30. Bxf4 Rxd3 31. Bd6 Ra6 32. Nxh7+ Kg8 33. Be5 Ra3 34. Rg7+ Kh8 35. Ng5 1-0

[Event "27th Klatovy A 2019"]
[Site "Klatovy CZE"]
[Date "2019.07.07"]
[Round "9.21"]
[White "Cakl, Zdenek"]
[Black "Drahorad, Daniel"]
[Result "1/2-1/2"]
[WhiteElo "2072"]
[BlackElo "1977"]
[PlyCount "95"]
[EventDate "2019.06.29"]
[EventType "swiss"]
[EventRounds "9"]
[EventCountry "CZE"]

1. Nf3 Nf6 2. b3 g6 3. Bb2 Bg7 4. g3 O-O 5. Bg2 c5 6. c4 Nc6 7. O-O d6 8. d4 cxd4 9. Nxd4 Nxd4 10. Qxd4 Ne8 11. Qd2 Bxb2 12. Qxb2 Nf6 13. Nc3 a6 14. Rfd1 Qc7 15. Rac1 Rb8 16. Nd5 Nxd5 17. cxd5 Qb6 18. Qc2 Bd7 19. Qc7 Qxc7 20. Rxc7 Rfd8 21. e4 Kf8 22. f4 Ke8 23. Kf2 Rdc8 24. Rdc1 Kd8 25. R7c3 Rxc3 26. Rxc3 Rc8 27. Rxc8+ Kxc8 28. Ke3 Kc7 29. Kd4 a5 30. Bf1 b6 31. Be2 f6 32. h4 h6 33. e5 fxe5+ 34. fxe5 Bh3 35. a3 e6 36. Bd3 g5 37. hxg5 hxg5 38. Bc4 exd5 39. Kxd5 dxe5 40. Kxe5 Kc6 41. Be6 Bg2 42. Kf6 Kd6 43. Bc4 g4 44. Kf5 Bf3 45. b4 axb4 46. axb4 Kc6 47. Kf4 Bd1 48. Bd3 1/2-1/2

[Event "27th Klatovy A 2019"]
[Site "Klatovy CZE"]
[Date "2019.07.07"]
[Round "9.22"]
[White "Vevera, Radek"]
[Black "Janous, Marek"]
[Result "0-1"]
[WhiteElo "2066"]
[BlackElo "1777"]
[PlyCount "54"]
[EventDate "2019.06.29"]
[EventType "swiss"]
[EventRounds "9"]
[EventCountry "CZE"]

1. e4 c5 2. Nf3 d6 3. d4 cxd4 4. Nxd4 Nf6 5. Nc3 a6 6. Be3 e5 7. Nf3 h6 8. Bc4 Be7 9. O-O O-O 10. h3 Nc6 11. Qd3 Be6 12. Nd5 Bxd5 13. Bxd5 Nb4 14. Qd2 Nbxd5 15. exd5 Rc8 16. a4 Qc7 17. c3 Ne4 18. Qe2 f5 19. a5 Qc4 20. Qxc4 Rxc4 21. Rfd1 Rfc8 22. Ne1 Bd8 23. Nd3 f4 24. Bd2 Nc5 25. Nb4 Nb3 26. Ra3 Nxd2 27. Rxd2 R4c5 0-1

[Event "27th Klatovy A 2019"]
[Site "Klatovy CZE"]
[Date "2019.07.07"]
[Round "9.23"]
[White "Hajek, Jiri2"]
[Black "Vavrinkova, Eliska"]
[Result "1-0"]
[WhiteElo "2043"]
[BlackElo "1858"]
[PlyCount "81"]
[EventDate "2019.06.29"]
[EventType "swiss"]
[EventRounds "9"]
[EventCountry "CZE"]

1. d4 d5 2. Nf3 Nf6 3. Bg5 c6 4. c3 Nbd7 5. e3 e6 6. Bd3 Be7 7. Nbd2 O-O 8. O-O Re8 9. Ne5 Nxe5 10. dxe5 Nd7 11. Bxe7 Qxe7 12. f4 c5 13. Rf3 f5 14. exf6 Nxf6 15. Qf1 e5 16. e4 c4 17. Bc2 b5 18. Re1 Bb7 19. fxe5 Qxe5 20. Rf5 Qc7 21. e5 Ng4 22. Qf4 Nh6 23. Rh5 Re6 24. Nf3 Rae8 25. Nd4 Rf6 26. Qg5 Qe7 27. Re3 Rb6 28. Qg3 Bc8 29. e6 Kh8 30. Qe5 Qd6 31. Qg5 Bxe6 32. Rxh6 gxh6 33. Qf6+ Kg8 34. Rg3+ Qxg3 35. hxg3 Bf7 36. Qf4 a6 37. Bxh7+ Kf8 38. a3 a5 39. Qc7 Reb8 40. Nf5 R6b7 41. Qd6+ 1-0

[Event "27th Klatovy A 2019"]
[Site "Klatovy CZE"]
[Date "2019.07.07"]
[Round "9.24"]
[White "Kupsa, Matej 2001"]
[Black "Finek, Vaclav"]
[Result "1/2-1/2"]
[WhiteElo "1929"]
[BlackElo "2043"]
[PlyCount "57"]
[EventDate "2019.06.29"]
[EventType "swiss"]
[EventRounds "9"]
[EventCountry "CZE"]

1. d4 Nf6 2. f4 d5 3. Nf3 Bf5 4. e3 e6 5. Be2 Be7 6. O-O O-O 7. Ne5 h6 8. Nd2 Bh7 9. Bd3 Bxd3 10. Nxd3 Nbd7 11. b3 c5 12. Bb2 Rc8 13. c3 b5 14. Qe2 a5 15. a3 c4 16. Ne5 Nb6 17. a4 b4 18. bxc4 dxc4 19. Ndxc4 Nxc4 20. Nxc4 bxc3 21. Ba3 Bxa3 22. Nxa3 Qd5 23. Rfc1 Ne4 24. Nb5 Rc4 25. Ra3 Rfc8 26. Rc2 Qd8 27. Qd3 f5 28. Na7 R8c7 29. Nb5 1/2-1/2

[Event "27th Klatovy A 2019"]
[Site "Klatovy CZE"]
[Date "2019.07.07"]
[Round "9.25"]
[White "Skypala, Ondrej"]
[Black "Kunc, Jan"]
[Result "1/2-1/2"]
[WhiteElo "2030"]
[BlackElo "1919"]
[PlyCount "50"]
[EventDate "2019.06.29"]
[EventType "swiss"]
[EventRounds "9"]
[EventCountry "CZE"]

1. e4 c5 2. Nf3 Nc6 3. d4 cxd4 4. Nxd4 g6 5. Be3 Bg7 6. Be2 Nf6 7. Nc3 d6 8. O-O O-O 9. Qd2 Ng4 10. Bxg4 Bxg4 11. Nxc6 bxc6 12. h3 Be6 13. Bh6 Qb6 14. Bxg7 Kxg7 15. b3 Rfd8 16. Na4 Qb7 17. c4 d5 18. cxd5 cxd5 19. Nc5 Qb6 20. Nxe6+ Qxe6 21. exd5 Qxd5 22. Qc3+ Qd4 23. Rac1 Qxc3 24. Rxc3 Rd2 25. a4 Rad8 1/2-1/2

[Event "27th Klatovy A 2019"]
[Site "Klatovy CZE"]
[Date "2019.07.07"]
[Round "9.26"]
[White "Pick, Stepan"]
[Black "Sim, Jia Ru"]
[Result "1-0"]
[WhiteElo "2058"]
[BlackElo "1866"]
[PlyCount "103"]
[EventDate "2019.06.29"]
[EventType "swiss"]
[EventRounds "9"]
[EventCountry "CZE"]

1. Nf3 d5 2. c4 dxc4 3. e3 Be6 4. Na3 Nf6 5. Nxc4 g6 6. b3 Bg7 7. Bb2 O-O 8. Be2 Nbd7 9. O-O c6 10. d3 Qc7 11. Qc2 h6 12. Rfd1 Rac8 13. Rac1 Ng4 14. Bxg7 Kxg7 15. Qb2+ Kh7 16. h3 Ngf6 17. Nd4 Bd5 18. Nf3 Rfd8 19. d4 Ne4 20. Nce5 Qd6 21. Bd3 Ndf6 22. Nd2 Nxd2 23. Rxd2 Be6 24. b4 Nd5 25. a3 Nb6 26. Qc2 Rg8 27. h4 Nd7 28. f4 Nf6 29. Qd1 Nd5 30. Kf2 Rcd8 31. Qf3 Nf6 32. h5 Bd5 33. Qh3 Be4 34. Nxf7 Qd5 35. Nxd8 gxh5 36. Rc5 Qxd8 37. Bxe4+ Nxe4+ 38. Ke1 Nxd2 39. Kxd2 h4 40. Rh5 Rg6 41. Qxh4 Qg8 42. Qxe7+ Rg7 43. Qe4+ Rg6 44. Re5 Qa2+ 45. Ke1 Qxg2 46. Re7+ Kg8 47. Qxg2 Rxg2 48. Rxb7 h5 49. Kf1 Rg4 50. Rxa7 h4 51. Ra5 Rg3 52. Rg5+ 1-0

[Event "27th Klatovy A 2019"]
[Site "Klatovy CZE"]
[Date "2019.07.07"]
[Round "9.27"]
[White "Novak, Vaclav2"]
[Black "Novotny, Jaroslav2"]
[Result "0-1"]
[WhiteElo "1870"]
[BlackElo "1979"]
[PlyCount "92"]
[EventDate "2019.06.29"]
[EventType "swiss"]
[EventRounds "9"]
[EventCountry "CZE"]

1. d4 Nf6 2. Nf3 d5 3. g3 h6 4. Bg2 Bf5 5. c3 e6 6. Nbd2 Nbd7 7. O-O Bd6 8. c4 c6 9. c5 Bc7 10. b3 O-O 11. Bb2 Ne4 12. Nxe4 Bxe4 13. a3 Qf6 14. Rc1 Rad8 15. Qd2 Rfe8 16. Nh4 Bxg2 17. Kxg2 e5 18. Nf3 e4 19. Ne1 Qg6 20. e3 f5 21. f4 exf3+ 22. Rxf3 Re4 23. Nd3 Rde8 24. Nf2 R4e6 25. Qd3 Nf6 26. Rf1 Ne4 27. Nh3 Rf6 28. Bc1 Ref8 29. Bd2 Qe8 30. Ng1 g5 31. h3 Qh5 32. Ne2 Kg7 33. Rh1 Qg6 34. Be1 h5 35. h4 g4 36. Rff1 Qe8 37. Nc3 Qb8 38. Nxe4 fxe4 39. Qe2 Rf3 40. Qd2 Bxg3 41. Rxf3 Rxf3 42. Rf1 Bxe1 43. Qxe1 Qf8 44. Rxf3 Qxf3+ 45. Kh2 Qh3+ 46. Kg1 g3 0-1

[Event "27th Klatovy A 2019"]
[Site "Klatovy CZE"]
[Date "2019.07.07"]
[Round "9.28"]
[White "Ondrejat, Miroslav"]
[Black "Lhotska, Anna"]
[Result "1-0"]
[WhiteElo "1948"]
[BlackElo "1884"]
[PlyCount "115"]
[EventDate "2019.06.29"]
[EventType "swiss"]
[EventRounds "9"]
[EventCountry "CZE"]

1. e4 c5 2. Nf3 d6 3. d4 cxd4 4. Nxd4 Nf6 5. Nc3 a6 6. Be2 e5 7. Nb3 Be7 8. O-O O-O 9. Be3 Be6 10. f3 Nbd7 11. Nd5 Bxd5 12. exd5 b5 13. a4 Nb6 14. axb5 Nfxd5 15. Bf2 axb5 16. Bxb5 Rxa1 17. Qxa1 Qc7 18. c3 Ra8 19. Qb1 Nc4 20. Qe4 Ncb6 21. Rd1 Nf6 22. Qe2 d5 23. g3 Ra2 24. Nc1 Ra1 25. Nd3 Rxd1+ 26. Qxd1 Nfd7 27. Qe2 f6 28. Kg2 Nc4 29. Nf4 Qd6 30. Nxd5 Ncb6 31. Bxb6 Nxb6 32. Nxb6 Qxb6 33. Qc4+ Kf8 34. Qc8+ Qd8 35. Qxd8+ Bxd8 36. Bd3 g6 37. g4 Ke7 38. Kf2 Ke6 39. Bc4+ Ke7 40. Ke3 f5 41. gxf5 gxf5 42. Bg8 h6 43. Bh7 Kf6 44. h3 Bb6+ 45. Kd3 Ke6 46. b4 Bf2 47. Ke2 Bb6 48. c4 Bd4 49. Kd3 Bb6 50. c5 Bd8 51. Kc4 f4 52. b5 Kd7 53. b6 Kc8 54. Kb5 Be7 55. c6 Bd6 56. Kc4 Be7 57. Bf5+ Kb8 58. c7+ 1-0

[Event "27th Klatovy A 2019"]
[Site "Klatovy CZE"]
[Date "2019.07.07"]
[Round "9.29"]
[White "Rybin, Jan"]
[Black "Hlozek, David"]
[Result "1-0"]
[WhiteElo "1900"]
[BlackElo "1901"]
[PlyCount "53"]
[EventDate "2019.06.29"]
[EventType "swiss"]
[EventRounds "9"]
[EventCountry "CZE"]

1. d4 d5 2. Nf3 e6 3. e3 Nf6 4. Bd3 c5 5. c3 Nc6 6. Nbd2 Be7 7. O-O O-O 8. Qe2 Qc7 9. dxc5 Bxc5 10. e4 dxe4 11. Nxe4 Nxe4 12. Bxe4 f5 13. Bc2 h6 14. Re1 Bd7 15. Bb3 Rfe8 16. Nh4 Na5 17. Bc2 Bd6 18. b3 b5 19. Qh5 Bc6 20. Bxh6 gxh6 21. Qg6+ Qg7 22. Rxe6 Be7 23. Nxf5 Qxg6 24. Rxg6+ Kf8 25. b4 Bg5 26. bxa5 Re2 27. Bb3 1-0

[Event "27th Klatovy A 2019"]
[Site "Klatovy CZE"]
[Date "2019.07.07"]
[Round "9.30"]
[White "Vilimova, Julie"]
[Black "Hlavac, Rudolf"]
[Result "0-1"]
[WhiteElo "1786"]
[BlackElo "1990"]
[PlyCount "106"]
[EventDate "2019.06.29"]
[EventType "swiss"]
[EventRounds "9"]
[EventCountry "CZE"]

1. d4 Nf6 2. c4 g6 3. Nc3 d5 4. cxd5 Nxd5 5. e4 Nxc3 6. bxc3 Bg7 7. Be3 O-O 8. Qd2 c5 9. d5 Qa5 10. Rc1 Rd8 11. c4 Qxd2+ 12. Bxd2 Bd7 13. Rb1 b6 14. Bd3 Na6 15. a3 Nc7 16. Ne2 e6 17. O-O b5 18. Ba5 Rdc8 19. cxb5 exd5 20. exd5 Nxd5 21. Be4 Be6 22. Rfd1 Re8 23. Kf1 Bg4 24. f3 Ne3+ 25. Kf2 Nxd1+ 26. Rxd1 Rxe4 27. fxe4 Bd4+ 28. Kf1 Re8 29. Rc1 Bxe2+ 30. Kxe2 Rxe4+ 31. Kf1 Re3 32. a4 Ra3 33. b6 axb6 34. Bxb6 Rxa4 35. Bxc5 Bxc5 36. Rxc5 Rf4+ 37. Ke2 Kg7 38. Ke3 Rf6 39. g4 h6 40. h4 Rf1 41. Rc4 Kf6 42. Ra4 Rh1 43. g5+ hxg5 44. Ra6+ Kf5 45. Ra5+ Kg4 46. hxg5 Rf1 47. Ra2 Kxg5 48. Rg2+ Kf5 49. Ke2 Ra1 50. Ke3 Ra3+ 51. Kd4 g5 52. Rf2+ Kg6 53. Ke4 f5+ 0-1

[Event "27th Klatovy A 2019"]
[Site "Klatovy CZE"]
[Date "2019.07.07"]
[Round "9.31"]
[White "Turner, Radek"]
[Black "Danko, Jiri"]
[Result "1/2-1/2"]
[WhiteElo "2023"]
[BlackElo "1881"]
[PlyCount "27"]
[EventDate "2019.06.29"]
[EventType "swiss"]
[EventRounds "9"]
[EventCountry "CZE"]

1. c4 g6 2. g3 Bg7 3. Bg2 e5 4. Nc3 f5 5. e3 Nf6 6. Nge2 d6 7. b3 c6 8. Bb2 O-O 9. d4 Na6 10. a3 e4 11. b4 Nc7 12. h4 d5 13. c5 Ne6 14. a4 1/2-1/2

[Event "27th Klatovy A 2019"]
[Site "Klatovy CZE"]
[Date "2019.07.07"]
[Round "9.32"]
[White "Odehnal, Jaroslav"]
[Black "Richter, Martin1"]
[Result "1/2-1/2"]
[WhiteElo "1930"]
[BlackElo "1959"]
[PlyCount "28"]
[EventDate "2019.06.29"]
[EventType "swiss"]
[EventRounds "9"]
[EventCountry "CZE"]

1. d4 Nf6 2. c4 e6 3. Nf3 Bb4+ 4. Bd2 Bxd2+ 5. Nbxd2 Nc6 6. e3 b6 7. a3 a5 8. Bd3 Bb7 9. O-O d6 10. Qc2 h6 11. e4 Nd7 12. Rac1 e5 13. d5 Ncb8 14. b4 O-O 1/2-1/2

[Event "27th Klatovy A 2019"]
[Site "Klatovy CZE"]
[Date "2019.07.07"]
[Round "9.34"]
[White "Krauskopfova, Lenka 1996"]
[Black "Fiser, Jiri2"]
[Result "1-0"]
[WhiteElo "1941"]
[BlackElo "1899"]
[PlyCount "79"]
[EventDate "2019.06.29"]
[EventType "swiss"]
[EventRounds "9"]
[EventCountry "CZE"]

1. c4 e5 2. Nc3 Nc6 3. g3 g6 4. Bg2 Bg7 5. e3 d6 6. Nge2 f5 7. d3 Nf6 8. O-O O-O 9. Rb1 a5 10. a3 Be6 11. Nd5 Rb8 12. Bd2 Qd7 13. b4 axb4 14. axb4 Ne7 15. Nxe7+ Qxe7 16. b5 Qf7 17. Bc3 g5 18. f4 gxf4 19. gxf4 e4 20. Nd4 exd3 21. Nxe6 Qxe6 22. Qxd3 Ne4 23. Bxg7 Kxg7 24. Bxe4 Qxe4 25. Qxe4 fxe4 26. b6 c6 27. Rbd1 Rbd8 28. Rd4 Rfe8 29. Ra1 Kf6 30. Kf2 d5 31. Rad1 Ke6 32. h4 Rg8 33. h5 Rg4 34. Rxe4+ dxe4 35. Rxd8 Rh4 36. Re8+ Kd6 37. Re5 c5 38. Kg3 Rh1 39. Kg4 Rb1 40. Kf5 1-0

[Event "27th Klatovy A 2019"]
[Site "Klatovy CZE"]
[Date "2019.07.07"]
[Round "9.35"]
[White "Paldus, Jan"]
[Black "Pribyl, Viktor"]
[Result "1/2-1/2"]
[WhiteElo "1767"]
[BlackElo "1933"]
[PlyCount "56"]
[EventDate "2019.06.29"]
[EventType "swiss"]
[EventRounds "9"]
[EventCountry "CZE"]

1. e4 c5 2. Nf3 d6 3. d4 cxd4 4. Nxd4 Nf6 5. Nc3 a6 6. a4 Nc6 7. Be2 e6 8. Be3 Qc7 9. O-O Be7 10. Qd2 O-O 11. f4 Rd8 12. Nb3 b6 13. Bf3 Rb8 14. Qf2 d5 15. exd5 exd5 16. Rfd1 Be6 17. f5 Bxf5 18. Nxd5 Nxd5 19. Bxd5 Bg6 20. c4 Nb4 21. a5 bxa5 22. Nxa5 Bd6 23. h3 Nc2 24. Nc6 Nxa1 25. Nxb8 Rxb8 26. Rxa1 a5 27. Bd4 h6 28. Qd2 Bc5 1/2-1/2

[Event "27th Klatovy A 2019"]
[Site "Klatovy CZE"]
[Date "2019.07.07"]
[Round "9.36"]
[White "Sterba, Karel"]
[Black "Flajsman, Pavel"]
[Result "1/2-1/2"]
[WhiteElo "1864"]
[BlackElo "1917"]
[PlyCount "38"]
[EventDate "2019.06.29"]
[EventType "swiss"]
[EventRounds "9"]
[EventCountry "CZE"]

1. e4 e6 2. Qe2 c5 3. Nf3 Nc6 4. c3 Nge7 5. g3 g6 6. Bg2 Bg7 7. O-O O-O 8. h4 d6 9. Na3 e5 10. Nc4 h6 11. d3 Be6 12. Ne3 Qd7 13. Kh2 f5 14. exf5 gxf5 15. Bh3 Rae8 16. h5 Kh7 17. Nh4 Bf6 18. Neg2 Rg8 19. Bd2 b6 1/2-1/2

[Event "27th Klatovy A 2019"]
[Site "Klatovy CZE"]
[Date "2019.07.07"]
[Round "9.37"]
[White "Kantor, Jozef"]
[Black "Lhotsky, Zdenek"]
[Result "1-0"]
[WhiteElo "1808"]
[BlackElo "1914"]
[PlyCount "89"]
[EventDate "2019.06.29"]
[EventType "swiss"]
[EventRounds "9"]
[EventCountry "CZE"]

1. e4 c5 2. Nf3 d6 3. d4 cxd4 4. Nxd4 Nf6 5. Nc3 a6 6. Be2 e5 7. Nf3 Be7 8. Be3 O-O 9. O-O b5 10. a3 Nbd7 11. Qd2 Nb6 12. Rfd1 Be6 13. Rac1 Bc4 14. Bg5 Nbd7 15. h3 Rc8 16. Qe3 Qc7 17. b3 Bxe2 18. Nxe2 Nc5 19. Ng3 g6 20. c4 Qb6 21. cxb5 Qxb5 22. b4 Ncd7 23. Ne2 Qb7 24. Nc3 Nb6 25. Qd3 Rfd8 26. Nd2 d5 27. Qf3 Nxe4 28. Ndxe4 dxe4 29. Rxd8+ Rxd8 30. Nxe4 Qa7 31. Nf6+ Kg7 32. Rc6 Qb8 33. Nxh7 e4 34. Qb3 Qe5 35. g3 Bxg5 36. Nxg5 Qxg5 37. Qc3+ Kh7 38. Rxb6 Rd3 39. Qf6 Qc1+ 40. Kg2 Rf3 41. Qh4+ Kg7 42. Qxe4 Rxa3 43. Qe5+ Kh6 44. Rb8 f5 45. Rh8+ 1-0

[Event "27th Klatovy A 2019"]
[Site "Klatovy CZE"]
[Date "2019.07.07"]
[Round "9.38"]
[White "Nechutny, Michal"]
[Black "Skopec, Lubos"]
[Result "1/2-1/2"]
[WhiteElo "1726"]
[BlackElo "1907"]
[PlyCount "25"]
[EventDate "2019.06.29"]
[EventType "swiss"]
[EventRounds "9"]
[EventCountry "CZE"]

1. e4 c5 2. c3 d5 3. exd5 Qxd5 4. d4 Nf6 5. Nf3 Bg4 6. Be2 e6 7. O-O Be7 8. h3 Bh5 9. Be3 cxd4 10. cxd4 Nc6 11. Nc3 Qd8 12. Qb3 Qb8 13. Rfd1 1/2-1/2

[Event "27th Klatovy A 2019"]
[Site "Klatovy CZE"]
[Date "2019.07.07"]
[Round "9.39"]
[White "Hacaperka, Michal"]
[Black "Novotny, David"]
[Result "0-1"]
[WhiteElo "1865"]
[BlackElo "1788"]
[PlyCount "74"]
[EventDate "2019.06.29"]
[EventType "swiss"]
[EventRounds "9"]
[EventCountry "CZE"]

1. e4 e6 2. d3 d5 3. Nd2 c5 4. Ngf3 Nc6 5. g3 Nf6 6. Bg2 Be7 7. O-O O-O 8. e5 Nd7 9. Re1 f6 10. exf6 Bxf6 11. h4 Qb6 12. c3 Qb5 13. Nb3 Nde5 14. Nxe5 Bxe5 15. d4 cxd4 16. Nxd4 Bxd4 17. cxd4 Qb4 18. b3 Qxd4 19. Qxd4 Nxd4 20. Rb1 Bd7 21. Bb2 Nc6 22. Bh3 Rae8 23. Re2 Rf3 24. Rbe1 Kf7 25. Rd2 Nb4 26. Bf1 Nxa2 27. Be2 Rxb3 28. Be5 Nb4 29. Bc4 dxc4 30. Rxd7+ Re7 31. Rxe7+ Kxe7 32. Bxg7 c3 33. Rc1 c2 34. Kg2 Rb1 35. Bh6 Rxc1 36. Bxc1 Na2 37. Bg5+ Kf7 0-1